000 02766cam a22006014i 4500
003 PE-LiUPU
005 20250731165515.0
008 180807s2017 ag rb 000 0 spa d
020 _a9875911615
020 _a9789875911611
035 _a(Sirsi) a249562
040 _aPE-LIUPU
_bSpa
_cPE-LiUPU
_erda
082 0 4 _a001.42
_bG62 2017
100 1 _aGómez, Marcelo,
_eautor.
245 1 0 _aIntroducción a la metodología de la investigación científica /
_cMarcelo Gómez.
250 _aSegunda edición.
264 1 _aArgentina :
_bEditorial Brujas,
_c2017.
300 _a186 páginas :
_bilustraciones ;
_c23 centímetros.
336 _atext
_2rdacontent
337 _aunmediated
_2rdamedia
338 _avolume
_2rdacarrier
490 0 _aColección Metodología de la Investigación
504 _aBibliografía: páginas 185-186.
505 0 _aIntroducción -- El conocimiento científico y su vocabulario -- Selección de tema a investigar -- Elaboración del proyecto de investigación -- El marco teórico -- Alcance y enfoque de una investigación -- El diseño de investigación -- Introducción a la teoría del muestreo -- La recolección de datos -- Análisis de la información recolectada -- Elaboración del informe de investigación.
526 _aSEG44
526 _aSEG26
526 _aP151
526 _aP150
526 _aP149
526 _aP146
526 _aP145
526 _aP126
526 _aP125
526 _aP92
526 _aP75
526 _aP74
526 _aP27
526 _aP15
541 _gF423-0000041;
541 _g002-00001572;
541 _g002-00001663;
650 0 7 _aInvestigación científica
_xMetodología.
_2lemb.
_94674
650 0 4 _aMetodología de la investigación.
910 _adegt
_d20180807
910 _abgr
_bncf
_cncf
_d20190812
910 _adbm
_bncf
_cncf
_d20191025
942 _2ddc
_cBOOK
994 _aC0
_bPEPRU
596 _a1 2
999 _a001.42 G62 2017
_wDEWEY
_c29113
_iFT03622
_f2019-2-20
_g2
_lCCODEBUT1
_mBUT
_p13.07
_r0
_sY
_tBOOK
_u2018-8-7
_xFCE
_PP08
_0COMPRA
_1FCOMPR2
_o.STAFF. Colección General Tarapoto
_d29113
999 _a001.42 G62
_wDEWEY
_c1
_i80136
_d2019-10-2
_f2021-11-4
_g3
_lCCODEBUL1
_mBUL
_p16.56
_q1
_r0
_sY
_tBOOK
_u2019-8-12
_xBIBLIOTECA
_PP33
_0COMPRA
_1FCOMPR3
_o.STAFF. Colección Ciencias de la Salud
999 _a001.42 G62
_wDEWEY
_c2
_i80806
_f2021-11-4
_g3
_lCCODEBUL1
_mBUL
_p14.64
_r0
_sY
_tBOOK
_u2019-10-25
_xBIBLIOTECA
_zP59
_0COMPRA
_1FCOMPR4
_o.STAFF. Colección Ciencias Humanas y Educación
980 _81
_gALBERTO SANCHEZ Responsable de Automatización